| 000 | 01044nmc a2200385 a 4500 | ||
|---|---|---|---|
| 003 | AR-BaBNM | ||
| 005 | 20251128205449.0 | ||
| 008 | 277119s1975 ||||||||||||||000 | spa|| | ||
| 040 | _cAR-BaBNM | ||
| 100 | 1 | _aMeisel, James H. | |
| 245 | 1 | 0 |
_aEl mito de la clase gobernante _bGaetano Mosca y la "élite" |
| 260 |
_aBuenos Aires _bAmorrortu _c1975 |
||
| 300 | 0 |
_a361 p. _bgráfs. |
|
| 490 | 0 | _aBiblioteca de sociología | |
| 500 | 0 | _aApéndice p. 348-354 | |
| 504 | _aBibliografía para consultar p. 355-360 | ||
| 600 | 0 | 4 | _aAristóteles |
| 600 | 0 | 4 | _aCarlomagno |
| 600 | 1 | 4 | _aBonaparte, NapoLeón |
| 600 | 1 | 4 | _aMaquiavelo, Nicolás |
| 600 | 1 | 4 |
_aMoro, Tomás _d1478-1535 |
| 650 | 4 | _aCIENCIAS POLITICAS | |
| 650 | 4 | _aDOCTRINAS POLITICAS | |
| 650 | 4 | _aTEORIA | |
| 650 | 4 | _aDERECHOS CIVILES Y POLITICOS | |
| 650 | 4 | _aCONFLICTO DE CLASES | |
| 650 | 4 | _aEDUCACION | |
| 650 | 4 | _aSOCIALISMO | |
| 650 | 4 | _aESTADO | |
| 650 | 4 | _aMARXISMO | |
| 650 | 4 | _aSOCIOLOGIA | |
| 651 | 4 | _aItalia | |
| 942 | _cBK | ||
| 998 | _cmariana | ||
| 999 |
_c11506 _d11506 |
||